[Event "NB II. Barcza csoport"]
[Site "Miskolc"]
[Date "2024.05.12"]
[Round "9.5"]
[White "Szabo, Peter F"]
[Black "Ivan, Reka Gyongyver"]
[Result "0-1"]
[WhiteElo "1730"]
[BlackElo "1912"]
[PlyCount "170"]
[EventDate "2023.10.08"]
[EventType "team-tourn"]
[EventRounds "9"]
[EventCountry "HUN"]
[Source "chess.hu"]
[WhiteTeam "DEAC-Debr.Sakkiskola"]
[BlackTeam "M.Sportisk-KisBocsok"]
[WhiteTeamCountry "HUN"]
[BlackTeamCountry "HUN"]

1. e4 c6 2. Nf3 d5 3. exd5 cxd5 4. d4 Nc6 5. Nc3 Nf6 6. Bf4 Bg4 7. Be2 a6 8.
O-O e6 9. Re1 Bd6 10. Ne5 Bxe2 11. Nxe2 O-O 12. c3 Nh5 13. Nxc6 bxc6 14. Bd2
Qc7 15. g3 Nf6 16. Bf4 Ne4 17. f3 Nf6 18. Kg2 c5 19. dxc5 Qxc5 20. Bxd6 Qxd6
21. Qd2 Rab8 22. b3 Qb6 23. Rac1 Rfc8 24. Rc2 Ne8 25. Rec1 Nd6 26. Qd4 Nf5 27.
Qxb6 Rxb6 28. Kf2 Rbc6 29. g4 Nd6 30. Nd4 Rc5 31. Ke3 Kf8 32. Kd3 Ke7 33. Re1
Kd7 34. b4 Rc4 35. Nb3 Nb7 36. a4 R4c6 37. Rb1 Ke7 38. Nd4 R6c7 39. Rb3 g6 40.
Re2 Kd6 41. f4 Rc4 42. Ra3 Kd7 43. Re3 a5 44. Rb3 Ra8 45. Rh3 axb4 46. cxb4
Rxa4 47. Rxh7 Nd6 48. h4 Ke7 49. h5 gxh5 50. gxh5 Kf8 51. Rh8+ Kg7 52. Rd8 Ne4
53. Rd7 Raxb4 54. Rxb4 Rxb4 55. Nxe6+ Kf6 56. Rxd5 fxe6 57. Rd8 Nf2+ 58. Ke3
Ng4+ 59. Kf3 Nh6 60. Rf8+ Kg7 61. Re8 Kf7 62. Rh8 Ng8 63. h6 Nf6 64. Ra8 Rb3+
65. Kg2 Rb7 66. Ra6 Re7 67. Ra8 Kg6 68. Ra5 Kxh6 69. Kf3 Kg7 70. Re5 Nd7 71.
Re1 Kf6 72. Rh1 Nf8 73. Rh6+ Ng6 74. Rh5 Rb7 75. Rh6 Rb4 76. Ke3 Kg7 77. Rh1
Rxf4 78. Ra1 Rb4 79. Ra5 Kf6 80. Rh5 Nf4 81. Ra5 Nd5+ 82. Kf3 Ke5 83. Ra8 Rb3+
84. Ke2 Kd4 85. Ra4+ Nb4 0-1

[Event "NB II. Barcza csoport"]
[Site "Miskolc"]
[Date "2024.05.12"]
[Round "9.7"]
[White "Orenstein, Mark"]
[Black "Szurovszky, Elek"]
[Result "1-0"]
[WhiteElo "1655"]
[BlackElo "1942"]
[PlyCount "91"]
[EventDate "2023.10.08"]
[EventType "team-tourn"]
[EventRounds "9"]
[EventCountry "HUN"]
[Source "chess.hu"]
[WhiteTeam "DEAC-Debr.Sakkiskola"]
[BlackTeam "M.Sportisk-KisBocsok"]
[WhiteTeamCountry "HUN"]
[BlackTeamCountry "HUN"]

1. d4 Nf6 2. Bf4 e6 3. Nf3 d6 4. c4 g6 5. Nc3 Bg7 6. e4 O-O 7. Be2 b6 8. h4 Bb7
9. Qc2 Nc6 10. O-O-O d5 11. e5 Ng4 12. cxd5 Nb4 13. Qb3 Nxd5 14. Bg3 Bh6+ 15.
Nd2 f5 16. Bf3 Nxc3 17. Qxe6+ Kh8 18. bxc3 Re8 19. Qb3 Bxf3 20. gxf3 f4 21.
fxg4 fxg3 22. fxg3 c5 23. g5 Bg7 24. Ne4 cxd4 25. cxd4 Qc8+ 26. Kb2 Qg4 27. Nd6
Rf8 28. Nf7+ Rxf7 29. Qxf7 Qe2+ 30. Ka1 Rf8 31. Qb3 Rf2 32. Rc1 Qg4 33. Qc3 Qe2
34. Qb3 Qg4 35. Qc4 Qxg3 36. Rhf1 h5 37. Rxf2 Qxf2 38. Qd5 Qf5 39. Rc3 Kh7 40.
Qf3 Qd7 41. Qe4 Qb5 42. Rc6 Qf1+ 43. Kb2 Qf7 44. Kc3 b5 45. Ra6 b4+ 46. Kb2 1-0

[Event "NB II. Barcza csoport"]
[Site "Miskolc"]
[Date "2024.05.12"]
[Round "9.8"]
[White "Ujpal, Balint"]
[Black "Petnehazi, Peter"]
[Result "1-0"]
[WhiteElo "1924"]
[BlackElo "1598"]
[PlyCount "47"]
[EventDate "2023.10.08"]
[EventType "team-tourn"]
[EventRounds "9"]
[EventCountry "HUN"]
[Source "chess.hu"]
[WhiteTeam "M.Sportisk-KisBocsok"]
[BlackTeam "DEAC-Debr.Sakkiskola"]
[WhiteTeamCountry "HUN"]
[BlackTeamCountry "HUN"]

1. Nf3 d5 2. g3 c5 3. Bg2 Nc6 4. d4 Nf6 5. O-O b6 6. c4 e6 7. Nc3 cxd4 8. cxd5
dxc3 9. dxc6 Qxd1 10. Rxd1 Ba6 11. bxc3 Ne4 12. Bb2 Bc5 13. Nd4 Nd6 14. Nb3 Nc4
15. Nxc5 bxc5 16. Bc1 O-O 17. Bf4 e5 18. Be3 Nxe3 19. fxe3 Rfe8 20. Rd5 e4 21.
Rxc5 Rac8 22. Bh3 Rc7 23. Rd1 Bc8 24. Rd7 1-0

[Event "NB II. Barcza csoport"]
[Site "Miskolc"]
[Date "2024.05.12"]
[Round "9.9"]
[White "Biro, Csilla"]
[Black "Hajdu, Zoltan"]
[Result "0-1"]
[WhiteElo "1571"]
[BlackElo "1801"]
[PlyCount "44"]
[EventDate "2023.10.08"]
[EventType "team-tourn"]
[EventRounds "9"]
[EventCountry "HUN"]
[Source "chess.hu"]
[WhiteTeam "DEAC-Debr.Sakkiskola"]
[BlackTeam "M.Sportisk-KisBocsok"]
[WhiteTeamCountry "HUN"]
[BlackTeamCountry "HUN"]

1. e4 d6 2. d4 Nf6 3. Nc3 Nbd7 4. Nf3 e5 5. Bc4 h6 6. O-O c6 7. Bb3 Be7 8. Re1
Qc7 9. h3 Nf8 10. Be3 g5 11. Nh2 Ng6 12. a3 Nf4 13. Bc4 h5 14. Bf1 Bd7 15. dxe5
dxe5 16. Nf3 g4 17. hxg4 hxg4 18. Nh2 Rh7 19. g3 O-O-O 20. gxf4 exf4 21. e5
fxe3 22. exf6 Qxh2# 0-1

[Event "NB II. Barcza csoport"]
[Site "Miskolc"]
[Date "2024.05.12"]
[Round "9.10"]
[White "Homolya, Daniel"]
[Black "Davaademberel, Margad-Erdene"]
[Result "1-0"]
[WhiteElo "1695"]
[BlackElo "1577"]
[PlyCount "39"]
[EventDate "2023.10.08"]
[EventType "team-tourn"]
[EventRounds "9"]
[EventCountry "HUN"]
[Source "chess.hu"]
[WhiteTeam "M.Sportisk-KisBocsok"]
[BlackTeam "DEAC-Debr.Sakkiskola"]
[WhiteTeamCountry "HUN"]
[BlackTeamCountry "HUN"]

1. e4 c6 2. c4 Nf6 3. Nc3 e5 4. Nf3 d6 5. d4 exd4 6. Qxd4 Be6 7. Bg5 c5 8. Qd2
h6 9. Bxf6 Qxf6 10. Nb5 Kd7 11. e5 Qd8 12. Nxd6 Kc6 13. Rd1 Bxd6 14. exd6 Re8
15. Ne5+ Kb6 16. b4 Ka6 17. Qc3 cxb4 18. Qxb4 Qa5 19. c5+ b5 20. cxb6+ 1-0

[Event "NB II. Barcza csoport"]
[Site "Miskolc"]
[Date "2024.05.12"]
[Round "9.12"]
[White "Simon, Balint"]
[Black "Veres, Lilien"]
[Result "1-0"]
[WhiteElo "1732"]
[BlackElo "1728"]
[PlyCount "67"]
[EventDate "2023.10.08"]
[EventType "team-tourn"]
[EventRounds "9"]
[EventCountry "HUN"]
[Source "chess.hu"]
[WhiteTeam "M.Sportisk-KisBocsok"]
[BlackTeam "DEAC-Debr.Sakkiskola"]
[WhiteTeamCountry "HUN"]
[BlackTeamCountry "HUN"]

1. e4 e5 2. Nf3 Nc6 3. Bb5 Nf6 4. d3 Bc5 5. c3 d5 6. exd5 Qxd5 7. Bc4 Qd8 8.
O-O Bg4 9. b4 Bd6 10. Bg5 O-O 11. Nbd2 Be7 12. Qc2 a6 13. Rfe1 b5 14. Bb3 Qd6
15. Bxf6 Bxf6 16. Ne4 Qd8 17. Nfd2 Bg5 18. Nf1 Kh8 19. Nxg5 Qxg5 20. Bd5 Qg6
21. Bxc6 Qxc6 22. Rxe5 Rfe8 23. Rae1 Qd7 24. Rxe8+ Rxe8 25. Rxe8+ Qxe8 26. Ne3
Be6 27. a3 Qc8 28. c4 c5 29. cxb5 cxb4 30. Qxc8+ Bxc8 31. axb4 axb5 32. Nd5 Bf5
33. d4 Kg8 34. Ne7+ 1-0

[Event "NB II. Barcza csoport"]
[Site "Mezokovesd"]
[Date "2024.05.12"]
[Round "9.2"]
[White "Kerek, Krisztian"]
[Black "Barva, Attila Dr"]
[Result "0-1"]
[WhiteElo "2199"]
[BlackElo "2362"]
[PlyCount "30"]
[EventDate "2023.10.08"]
[EventType "team-tourn"]
[EventRounds "9"]
[EventCountry "HUN"]
[Source "chess.hu"]
[WhiteTeam "Mezokovesd  Zsory SE"]
[BlackTeam "Edelenyi VSE"]
[WhiteTeamCountry "HUN"]
[BlackTeamCountry "HUN"]

1. e4 e6 2. d4 d5 3. exd5 exd5 4. Nf3 Nc6 5. Bb5 Bd6 6. c4 a6 7. Ba4 dxc4 8. d5
b5 9. dxc6 bxa4 10. O-O Ne7 11. Qxa4 Be6 12. Nc3 O-O 13. Bg5 Rb8 14. Nd4 Bc8
15. Qxc4 Rb4 0-1

[Event "NB II. Barcza csoport"]
[Site "Mezokovesd"]
[Date "2024.05.12"]
[Round "9.3"]
[White "Dudas, Peter"]
[Black "Paal-Szucs, Attila"]
[Result "1-0"]
[WhiteElo "2159"]
[BlackElo "2031"]
[PlyCount "61"]
[EventDate "2023.10.08"]
[EventType "team-tourn"]
[EventRounds "9"]
[EventCountry "HUN"]
[Source "chess.hu"]
[WhiteTeam "Edelenyi VSE"]
[BlackTeam "Mezokovesd  Zsory SE"]
[WhiteTeamCountry "HUN"]
[BlackTeamCountry "HUN"]

1. d4 Nf6 2. c4 g6 3. Nc3 Bg7 4. e4 d6 5. Be2 O-O 6. Nf3 c5 7. d5 e6 8. O-O
exd5 9. cxd5 Na6 10. h3 Nc7 11. Qc2 Re8 12. Re1 Rb8 13. a4 a6 14. a5 Bd7 15.
Bf4 Bb5 16. Rad1 Bxe2 17. Rxe2 Nh5 18. Bh2 Nb5 19. Nxb5 axb5 20. e5 Bf8 21.
exd6 Rxe2 22. Qxe2 Qxa5 23. Ng5 Rd8 24. Nxf7 Kxf7 25. Qe6+ Kg7 26. Be5+ Kh6 27.
g4 Qa4 28. Rd4 cxd4 29. h4 Qd1+ 30. Kg2 Ng7 31. Bf4# 1-0

[Event "NB II. Barcza csoport"]
[Site "Mezokovesd"]
[Date "2024.05.12"]
[Round "9.5"]
[White "Ladanyi, Tibor"]
[Black "Zelei, Zoltan"]
[Result "1-0"]
[WhiteElo "2017"]
[BlackElo "2072"]
[PlyCount "97"]
[EventDate "2023.10.08"]
[EventType "team-tourn"]
[EventRounds "9"]
[EventCountry "HUN"]
[Source "chess.hu"]
[WhiteTeam "Edelenyi VSE"]
[BlackTeam "Mezokovesd  Zsory SE"]
[WhiteTeamCountry "HUN"]
[BlackTeamCountry "HUN"]

1. d4 e6 2. c4 d5 3. Nc3 Nf6 4. cxd5 exd5 5. Bg5 c6 6. Qc2 Be7 7. e3 Be6 8. Bd3
h6 9. Bh4 Nbd7 10. Nge2 c5 11. dxc5 Bxc5 12. Nf4 Qb6 13. O-O Be7 14. Nxe6 Qxe6
15. Nb5 Bd8 16. Bg3 Ne5 17. Nd4 Qe7 18. Nf5 Qc7 19. Nxg7+ Kf8 20. Nf5 Qxc2 21.
Bxc2 Nc6 22. Rad1 Be7 23. Bb3 Rd8 24. Bh4 Ng8 25. Rxd5 Bxh4 26. Nxh4 Rxd5 27.
Bxd5 Nge7 28. Bxc6 Nxc6 29. Nf5 Ne7 30. Nxe7 Kxe7 31. Rc1 Kd7 32. g3 Rg8 33.
Rc5 Rg6 34. Rb5 b6 35. Kg2 Rc6 36. Rd5+ Ke7 37. Rd2 Rc4 38. b3 Rc5 39. g4 Ke6
40. f4 a5 41. Kf3 b5 42. h4 Rc1 43. h5 Rf1+ 44. Ke4 Rg1 45. Rd5 Ra1 46. Rxb5
Rxa2 47. Rb6+ Ke7 48. Rxh6 Rb2 49. Ra6 1-0

[Event "NB II. Barcza csoport"]
[Site "Mezokovesd"]
[Date "2024.05.12"]
[Round "9.6"]
[White "Sallai, Janos"]
[Black "Bako, Martin"]
[Result "1/2-1/2"]
[WhiteElo "1899"]
[BlackElo "1975"]
[PlyCount "96"]
[EventDate "2023.10.08"]
[EventType "team-tourn"]
[EventRounds "9"]
[EventCountry "HUN"]
[Source "chess.hu"]
[WhiteTeam "Mezokovesd  Zsory SE"]
[BlackTeam "Edelenyi VSE"]
[WhiteTeamCountry "HUN"]
[BlackTeamCountry "HUN"]

1. e4 d5 2. exd5 Qxd5 3. Nc3 Qa5 4. d4 c6 5. Nf3 Nf6 6. Bd2 Bf5 7. Bc4 e6 8.
Bb3 Nbd7 9. Nd5 Qd8 10. Ne3 Bg6 11. c4 Be7 12. O-O O-O 13. Bc2 Ne4 14. Bxe4
Bxe4 15. Bc3 Bf6 16. Ng4 Bg6 17. Nxf6+ Nxf6 18. Ne5 Ne4 19. Bb4 Re8 20. Nxg6
hxg6 21. Re1 Nd6 22. b3 a5 23. Bc3 b5 24. Qd3 Qd7 25. Rad1 b4 26. Bd2 Nf5 27.
Bc1 Rad8 28. Bb2 e5 29. d5 cxd5 30. Rxe5 Rxe5 31. Bxe5 Ne7 32. h3 f6 33. Bb2
Kf7 34. Kf1 Ke8 35. Re1 dxc4 36. Qxc4 Qd5 37. Qxd5 Rxd5 38. Ke2 Kd7 39. Rd1 Kd6
40. Rd3 g5 41. g3 Nf5 42. Rxd5+ Kxd5 43. Kd3 Ne7 44. Bd4 Nc6 45. Bb6 g6 46. Bc7
Kc5 47. Ke4 f5+ 48. Kd3 Kd5 1/2-1/2

[Event "NB II. Barcza csoport"]
[Site "Mezokovesd"]
[Date "2024.05.12"]
[Round "9.7"]
[White "Kristof, Peter"]
[Black "Pap, Kristof"]
[Result "1/2-1/2"]
[WhiteElo "2065"]
[BlackElo "1940"]
[PlyCount "61"]
[EventDate "2023.10.08"]
[EventType "team-tourn"]
[EventRounds "9"]
[EventCountry "HUN"]
[Source "chess.hu"]
[WhiteTeam "Edelenyi VSE"]
[BlackTeam "Mezokovesd  Zsory SE"]
[WhiteTeamCountry "HUN"]
[BlackTeamCountry "HUN"]

1. e4 c6 2. d4 d5 3. Nc3 dxe4 4. Nxe4 Nd7 5. Nf3 Ngf6 6. Ng3 e6 7. Bd3 Bd6 8.
Be3 Qc7 9. Qd2 b6 10. Ne2 Nd5 11. c4 Nxe3 12. fxe3 c5 13. O-O Bb7 14. e4 cxd4
15. Nexd4 a6 16. Rae1 Ne5 17. Nxe5 Bxe5 18. Nf3 Bf4 19. Qe2 e5 20. g3 Bh6 21.
Nh4 g6 22. Qf2 O-O 23. Rd1 Rad8 24. b3 Rd7 25. Bc2 Rfd8 26. Rxd7 Rxd7 27. Nf3
Bf8 28. Qe2 Bc5+ 29. Kg2 Qd8 30. Rd1 Rxd1 31. Bxd1 1/2-1/2

[Event "NB II. Barcza csoport"]
[Site "Mezokovesd"]
[Date "2024.05.12"]
[Round "9.9"]
[White "Galko, Attila"]
[Black "Toth, Laszlo"]
[Result "1-0"]
[WhiteElo "1911"]
[BlackElo "1861"]
[PlyCount "81"]
[EventDate "2023.10.08"]
[EventType "team-tourn"]
[EventRounds "9"]
[EventCountry "HUN"]
[Source "chess.hu"]
[WhiteTeam "Edelenyi VSE"]
[BlackTeam "Mezokovesd  Zsory SE"]
[WhiteTeamCountry "HUN"]
[BlackTeamCountry "HUN"]

1. e4 c5 2. b3 d6 3. Bb5+ Bd7 4. Bxd7+ Nxd7 5. Bb2 Ngf6 6. d3 e5 7. a4 a6 8. a5
Nb8 9. Nd2 Nfd7 10. Nc4 b5 11. axb6 Nxb6 12. Ne2 Nxc4 13. dxc4 Nc6 14. O-O Be7
15. Ng3 g6 16. f4 O-O 17. Qg4 Qc8 18. f5 Kh8 19. Ne2 Rg8 20. Qf3 f6 21. Qh3 g5
22. Nc3 Qf8 23. Nd5 g4 24. Qg3 h5 25. Qh4 Qf7 26. Bc3 Rg7 27. Nc7 Rag8 28. Ne6
Rh7 29. Rxa6 g3 30. hxg3 Nd8 31. Nxd8 Rxd8 32. Ra7 Rg8 33. Rd1 Rg4 34. Qh3 Qg8
35. Rd3 h4 36. Rxe7 Rxe7 37. Rxd6 Rh7 38. Rxf6 hxg3 39. Bxe5 Rxe4 40. Rf8+ Rxe5
41. Rxg8+ 1-0

[Event "NB II. Barcza csoport"]
[Site "Mezokovesd"]
[Date "2024.05.12"]
[Round "9.10"]
[White "Lako, Istvan"]
[Black "Kiraly, Lilla Virag"]
[Result "1/2-1/2"]
[WhiteElo "1842"]
[BlackElo "1933"]
[PlyCount "87"]
[EventDate "2023.10.08"]
[EventType "team-tourn"]
[EventRounds "9"]
[EventCountry "HUN"]
[Source "chess.hu"]
[WhiteTeam "Mezokovesd  Zsory SE"]
[BlackTeam "Edelenyi VSE"]
[WhiteTeamCountry "HUN"]
[BlackTeamCountry "HUN"]

1. c4 c5 2. Nc3 Nc6 3. g3 g6 4. Bg2 Bg7 5. Nf3 e5 6. d3 Nge7 7. Be3 d6 8. Qc1
Nf5 9. Bd2 Nfd4 10. O-O h5 11. Nh4 Be6 12. h3 Bf6 13. Kh2 Bxh4 14. gxh4 Qe7 15.
Nd5 Bxd5 16. cxd5 Nb8 17. Qd1 Qxh4 18. f4 Nd7 19. e3 Nf5 20. Be1 Qe7 21. Bf2
exf4 22. exf4 O-O 23. Re1 Qf6 24. Qd2 Rfe8 25. Re4 Re7 26. Rae1 Rae8 27. R1e2
Nb6 28. b4 Nxd5 29. bxc5 dxc5 30. Bxc5 Rxe4 31. dxe4 Nc3 32. e5 Qa6 33. Qd7 Qa4
34. Qxa4 Nxa4 35. Bxa7 Ra8 36. Bf2 Nc3 37. Rc2 Rxa2 38. Rxa2 Nxa2 39. Bxb7 Nc3
40. Bf3 Nb5 41. Bb6 Kg7 42. Bc6 Nbd4 43. Be4 f6 44. Kg2 1/2-1/2

[Event "NB II. Barcza csoport"]
[Site "Mezokovesd"]
[Date "2024.05.12"]
[Round "9.11"]
[White "Berecz, Kristof"]
[Black "Molnar, Marton Adam"]
[Result "1-0"]
[WhiteElo "1779"]
[BlackElo "1610"]
[PlyCount "67"]
[EventDate "2023.10.08"]
[EventType "team-tourn"]
[EventRounds "9"]
[EventCountry "HUN"]
[Source "chess.hu"]
[WhiteTeam "Edelenyi VSE"]
[BlackTeam "Mezokovesd  Zsory SE"]
[WhiteTeamCountry "HUN"]
[BlackTeamCountry "HUN"]

1. e4 c5 2. b3 Nc6 3. Bb2 e6 4. e5 d5 5. exd6 Qxd6 6. Nf3 e5 7. Bb5 f6 8. Nc3
Be6 9. Qe2 O-O-O 10. Bxc6 Qxc6 11. O-O-O Ne7 12. h3 Nd5 13. Rhg1 Nxc3 14. Bxc3
b5 15. d3 b4 16. Ba1 a5 17. Nd2 a4 18. Nc4 Qa6 19. Kb1 Be7 20. Rge1 Rd7 21. f4
Bxc4 22. dxc4 axb3 23. cxb3 Bd6 24. fxe5 Bxe5 25. Rxd7 Kxd7 26. Bxe5 fxe5 27.
Qxe5 Qg6+ 28. Ka1 Qf6 29. Qxf6 gxf6 30. Rd1+ Kc6 31. Rf1 Rf8 32. Rf5 Rf7 33.
Kb2 Kd6 34. g4 1-0

[Event "NB II. Barcza csoport"]
[Site "Mezokovesd"]
[Date "2024.05.12"]
[Round "9.12"]
[White "Lako, Istvan"]
[Black "Galko, Tibor"]
[Result "1-0"]
[WhiteElo "1454"]
[BlackElo "1882"]
[PlyCount "109"]
[EventDate "2023.10.08"]
[EventType "team-tourn"]
[EventRounds "9"]
[EventCountry "HUN"]
[Source "chess.hu"]
[WhiteTeam "Mezokovesd  Zsory SE"]
[BlackTeam "Edelenyi VSE"]
[WhiteTeamCountry "HUN"]
[BlackTeamCountry "HUN"]

1. c4 Nf6 2. Nc3 d5 3. cxd5 Nxd5 4. g3 Nxc3 5. bxc3 Bd7 6. Bg2 Bc6 7. Nf3 g6 8.
O-O Bg7 9. Rb1 O-O 10. Bb2 Nd7 11. d4 Nb6 12. Re1 Be4 13. Rc1 Nc4 14. Qb3 Na5
15. Qa4 c6 16. c4 b5 17. cxb5 cxb5 18. Qd1 Nc4 19. Qb3 Qd5 20. a4 a6 21. axb5
axb5 22. Bf1 Ra7 23. Red1 Rfa8 24. Ne1 Ra2 25. Ba1 R8a4 26. f3 Nb2 27. Rc8+ Bf8
28. Qxd5 Bxd5 29. Bxb2 Rxb2 30. Nd3 Rba2 31. Nc5 Ra8 32. Rxa8 Rxa8 33. e4 Bc6
34. d5 Be8 35. e5 Rc8 36. Ne4 Rd8 37. d6 exd6 38. exd6 Bc6 39. d7 Rxd7 40. Nf6+
Kg7 41. Nxd7 Bxf3 42. Rb1 Be7 43. Bxb5 Be4 44. Re1 f5 45. Bd3 Bb4 46. Rb1 Bc3
47. Bxe4 fxe4 48. Kf1 Kf7 49. Nc5 e3 50. Ke2 Bd4 51. Nd3 Ke6 52. Rb4 Kd5 53.
Nf4+ Kc5 54. Rb7 g5 55. Ne6+ 1-0

[Event "NB II. Breyer csoport"]
[Site "Nyergesujfalu"]
[Date "2023.10.08"]
[Round "1.1"]
[White "Dupsky, Laszlo"]
[Black "Berek, Geza"]
[Result "1/2-1/2"]
[WhiteElo "2200"]
[BlackElo "2178"]
[PlyCount "105"]
[EventDate "2023.10.08"]
[EventType "team-tourn"]
[EventRounds "9"]
[EventCountry "HUN"]
[Source "chess.hu"]
[WhiteTeam "Torokbalinti Sakk SE"]
[BlackTeam "NYVSE"]
[WhiteTeamCountry "HUN"]
[BlackTeamCountry "HUN"]

1. d4 g6 2. e4 Bg7 3. Nc3 d6 4. Nf3 Nf6 5. Bf4 O-O 6. Qd2 a6 7. O-O-O b5 8. e5
b4 9. Ne2 Nd5 10. Bh6 Nc6 11. h4 f6 12. Ng3 Rf7 13. Bc4 e6 14. Bxg7 Rxg7 15.
exd6 cxd6 16. Rhe1 Nce7 17. Ne4 a5 18. Qe2 Rf7 19. g3 Nb6 20. Bb5 Ned5 21. Nfd2
Nc7 22. f4 Nxb5 23. Qxb5 Qc7 24. Qd3 Ba6 25. Qb3 Rc8 26. c3 Nd5 27. Kb1 bxc3
28. Nxc3 Nxc3+ 29. Qxc3 Qxc3 30. bxc3 Bd3+ 31. Ka1 Rxc3 32. Rxe6 Rfc7 33. Nb1
Bxb1 34. Kxb1 Rb7+ 35. Ka1 Rc6 36. d5 Rcb6 37. Rxf6 Re7 38. f5 gxf5 39. Rxf5
Re2 40. Rf3 Rbb2 41. Ra3 Rb5 42. Rc3 Rbb2 43. Ra3 Rb5 44. Rb3 Rxb3 45. axb3 Re4
46. Kb2 a4 47. bxa4 Rxa4 48. Kb3 Rg4 49. Rd3 Kg7 50. Kc3 Kf6 51. Re3 Kf5 52.
Kd3 h5 53. Kc3 1/2-1/2

[Event "NB II. Breyer csoport"]
[Site "Nyergesujfalu"]
[Date "2023.10.08"]
[Round "1.2"]
[White "Bereczki, Janos"]
[Black "Bereczki, Istvan"]
[Result "0-1"]
[WhiteElo "2059"]
[BlackElo "2052"]
[PlyCount "112"]
[EventDate "2023.10.08"]
[EventType "team-tourn"]
[EventRounds "9"]
[EventCountry "HUN"]
[Source "chess.hu"]
[WhiteTeam "NYVSE"]
[BlackTeam "Torokbalinti Sakk SE"]
[WhiteTeamCountry "HUN"]
[BlackTeamCountry "HUN"]

1. d4 Nf6 2. c4 c5 3. e3 g6 4. Nf3 Bg7 5. Nc3 O-O 6. Be2 d5 7. dxc5 Qa5 8. O-O
dxc4 9. Bxc4 Qxc5 10. b3 Nc6 11. Bb2 Bg4 12. h3 Rad8 13. Qe2 Bxf3 14. Qxf3 Ne5
15. Qxb7 Nxc4 16. bxc4 Rb8 17. Qf3 Rxb2 18. Na4 Qa3 19. Nxb2 Qxb2 20. Qc6 Qa3
21. Qb7 Qc5 22. Rab1 Rc8 23. Rfc1 Bf8 24. Rb5 Qc7 25. c5 e6 26. Qf3 Qc6 27. Ra5
Qxf3 28. gxf3 Rc7 29. c6 Nd5 30. Kf1 Nb4 31. a3 Nd5 32. e4 Nb6 33. Rc3 f6 34.
Ke2 Bd6 35. Rb5 Kf7 36. Ke3 g5 37. Rb1 Bf4+ 38. Kd3 Ke7 39. Kc2 Be5 40. Rc5 Bd4
41. Ra5 Bxf2 42. Kb3 Nc8 43. e5 Rxc6 44. Rb5 Rb6 45. Rxb6 Nxb6 46. exf6+ Kxf6
47. Rf1 Be3 48. Re1 Nd5 49. Kc4 Kf5 50. Kd3 Bc5 51. a4 Nf4+ 52. Kc4 Bb6 53. Rh1
h5 54. Kb5 h4 55. a5 Be3 56. Re1 Nd5 0-1

[Event "NB II. Breyer csoport"]
[Site "Nyergesujfalu"]
[Date "2023.10.08"]
[Round "1.3"]
[White "Sinka, Csaba"]
[Black "Horvath, Kalman"]
[Result "1-0"]
[WhiteElo "2007"]
[BlackElo "2092"]
[PlyCount "119"]
[EventDate "2023.10.08"]
[EventType "team-tourn"]
[EventRounds "9"]
[EventCountry "HUN"]
[Source "chess.hu"]
[WhiteTeam "Torokbalinti Sakk SE"]
[BlackTeam "NYVSE"]
[WhiteTeamCountry "HUN"]
[BlackTeamCountry "HUN"]

1. e4 c6 2. d4 Na6 3. Nf3 d6 4. Nc3 Nc7 5. Bd3 Bg4 6. h3 Bh5 7. Bf4 Nf6 8. a4
a5 9. O-O e6 10. Qe2 Be7 11. Qe3 Na6 12. Ne2 Nb4 13. Ng3 Bg6 14. Nh4 Nfd5 15.
exd5 Nxd5 16. Nxg6 Nxe3 17. Nxh8 Nxf1 18. Rxf1 Kd7 19. Nxf7 Qf8 20. Ne5+ dxe5
21. Bxe5 g6 22. Ne4 b6 23. Re1 Re8 24. Re3 Qh6 25. Bf1 g5 26. Rb3 Bd8 27. c4
Qh4 28. Nd6 Rf8 29. g3 Qh6 30. c5 Bc7 31. Nc4 Bxe5 32. Nxe5+ Ke8 33. cxb6 Qf6
34. f4 Qd8 35. b7 Qxd4+ 36. Kh2 Qf2+ 37. Bg2 Ke7 38. Nxc6+ Kd6 39. fxg5 e5 40.
b8=Q+ Rxb8 41. Rxb8 e4 42. Nxa5 e3 43. Nc4+ Kc5 44. Nxe3 Qxe3 45. b4+ Kc4 46.
a5 Qe5 47. Rb7 Qxg5 48. a6 h5 49. h4 Qe3 50. a7 Qa3 51. a8=Q Qxa8 52. Rc7+ Qc6
53. Rxc6+ Kxb4 54. g4 hxg4 55. h5 g3+ 56. Kxg3 Kb5 57. h6 Kb4 58. h7 Kb3 59.
h8=Q Ka3 60. Rb6 1-0

[Event "NB II. Breyer csoport"]
[Site "Nyergesujfalu"]
[Date "2023.10.08"]
[Round "1.4"]
[White "Ikanov, Imre"]
[Black "Szilagyi, Samuel Attila"]
[Result "1/2-1/2"]
[WhiteElo "1970"]
[BlackElo "1933"]
[PlyCount "94"]
[EventDate "2023.10.08"]
[EventType "team-tourn"]
[EventRounds "9"]
[EventCountry "HUN"]
[Source "chess.hu"]
[WhiteTeam "NYVSE"]
[BlackTeam "Torokbalinti Sakk SE"]
[WhiteTeamCountry "HUN"]
[BlackTeamCountry "HUN"]

1. e4 e5 2. Nf3 Nc6 3. Bb5 a6 4. Ba4 Nf6 5. O-O Be7 6. Re1 b5 7. Bb3 O-O 8. c3
d5 9. d4 dxe4 10. Nxe5 Nxe5 11. dxe5 Qxd1 12. Bxd1 Nd7 13. Rxe4 Bb7 14. Re1 Nc5
15. Bc2 Rad8 16. Be3 Nd3 17. Bxd3 Rxd3 18. Nd2 Rfd8 19. Nb3 R3d5 20. f4 g6 21.
Kf2 Ba8 22. Re2 g5 23. g3 gxf4 24. Bxf4 Bb7 25. Rd2 Kg7 26. Rxd5 Rxd5 27. Ke1
Kg6 28. Rd1 Kf5 29. Rxd5 Bxd5 30. Kd2 Ke4 31. Nc1 b4 32. b3 bxc3+ 33. Kxc3 a5
34. Nd3 Be6 35. a4 c5 36. Nb2 h5 37. Nc4 Bd8 38. Nd6+ Kd5 39. Kd3 Kc6 40. Nc4
Kd5 41. Ne3+ Kc6 42. Kc3 Be7 43. Nc4 Bd8 44. Kd3 Kd5 45. h4 Bf5+ 46. Kc3 Be6
47. Kd3 Bf5+ 1/2-1/2

[Event "NB II. Breyer csoport"]
[Site "Nyergesujfalu"]
[Date "2023.10.08"]
[Round "1.5"]
[White "Hajdu, Roland"]
[Black "Kovacs, Milan"]
[Result "0-1"]
[WhiteElo "1837"]
[BlackElo "2025"]
[PlyCount "58"]
[EventDate "2023.10.08"]
[EventType "team-tourn"]
[EventRounds "9"]
[EventCountry "HUN"]
[Source "chess.hu"]
[WhiteTeam "Torokbalinti Sakk SE"]
[BlackTeam "NYVSE"]
[WhiteTeamCountry "HUN"]
[BlackTeamCountry "HUN"]

1. e4 d6 2. d4 Nf6 3. Nc3 g6 4. h3 Bg7 5. Nf3 O-O 6. Be3 Nc6 7. Qd2 e5 8. d5
Ne7 9. Bh6 Ne8 10. Bxg7 Kxg7 11. g4 c6 12. O-O-O cxd5 13. Nxd5 Nxd5 14. Qxd5
Qb6 15. Rd2 Be6 16. Qb5 Qc7 17. Ng5 Bd7 18. Qb4 Rc8 19. Nf3 Be6 20. Ng5 Bxa2
21. b3 a5 22. Qa3 h6 23. Nf3 Qc3 24. Qxa2 Qxf3 25. Rg1 Qxe4 26. Bc4 Nf6 27.
Rxd6 Qf4+ 28. Kb1 Ne4 29. Rd3 Nd2+ 0-1

[Event "NB II. Breyer csoport"]
[Site "Nyergesujfalu"]
[Date "2023.10.08"]
[Round "1.6"]
[White "Bognar, Attila"]
[Black "Kazinczy, Jeno"]
[Result "1/2-1/2"]
[WhiteElo "1846"]
[BlackElo "1795"]
[PlyCount "41"]
[EventDate "2023.10.08"]
[EventType "team-tourn"]
[EventRounds "9"]
[EventCountry "HUN"]
[Source "chess.hu"]
[WhiteTeam "NYVSE"]
[BlackTeam "Torokbalinti Sakk SE"]
[WhiteTeamCountry "HUN"]
[BlackTeamCountry "HUN"]

1. e4 c6 2. Nc3 d5 3. g3 d4 4. Nce2 e5 5. d3 c5 6. f4 Nc6 7. Nf3 Bd6 8. fxe5
Nxe5 9. Nxe5 Bxe5 10. Bg2 Bg4 11. O-O Qd6 12. Bf4 f6 13. Qd2 g5 14. Bxe5 Qxe5
15. Nc1 h5 16. Nb3 b6 17. Qf2 O-O-O 18. Nd2 Be6 19. a3 Qc7 20. Rfc1 h4 21. b4
1/2-1/2